| 000 | 01011nam a22002297a 4500 | ||
|---|---|---|---|
| 003 | OSt | ||
| 005 | 20251003172117.0 | ||
| 008 | 240404b ||||| |||| 00| 0 eng d | ||
| 040 | _c0 | ||
| 082 | _aDPer 621.317 Ie21 October 2022 v. 37 n. 10 | ||
| 100 |
_aMa, Xiaoyong. _eauthor. _956038 |
||
| 245 |
_aPenalty and barrier-based numerical optimization for efficiency and power density of interleaved buck/boost converter / _cXiaoyong Ma, Ping Wang, Yifeng Wang, Long Tao, and Pengyu Cheng. |
||
| 260 |
_aNew York ; _bThe Institute of Electrical and Electronics Engineers, Inc. , _cOctober 2022. |
||
| 300 |
_aVolume 37, pages 12095-12107 : _billustration ; _c28 cm. |
||
| 500 | _aIEEE Transactions on Power Electronics, v. 37, n. 10, pages 12095-12107, October 2022. | ||
| 700 |
_aMa, Xiaoyong. _eauthor. _956038 |
||
| 700 |
_aWang, Ping. _eauthor. _956039 |
||
| 700 |
_aWang, Yifeng. _eauthor. _956040 |
||
| 700 |
_aTao, Long. _eauthor. _956041 |
||
| 700 |
_aCheng, Pengyu. _eauthor. _956042 |
||
| 942 |
_2ddc _cPER |
||
| 999 |
_c20011 _d20011 |
||